Normal view MARC view
  • Abu-Saba, Elias G.

Entry Personal Name

Number of records used in: 1

001 - CONTROL NUMBER

  • control field: 45407

003 - CONTROL NUMBER IDENTIFIER

  • control field: NUST

005 - DATE AND TIME OF LATEST TRANSACTION

  • control field: 20210314133234.0

008 - FIXED-LENGTH DATA ELEMENTS

  • fixed length control field: 210314|| aca||aabn | a|a d

040 ## - CATALOGING SOURCE

  • Original cataloging agency: NUST
  • Transcribing agency: NUST

100 ## - HEADING--PERSONAL NAME

  • Personal name: Abu-Saba, Elias G.

670 ## - SOURCE DATA FOUND

  • Source citation: Work cat.: (NUST): Abu-Saba, Elias G.,, Design of steel structures /, c1995.
© 2023 Central Library, National University of Sciences and Technology. All Rights Reserved.